Movies Quiz

Random Movies or Director Quiz
Score 0/21 Timer 05:00
0 Plays Today
Film Answer % Correct
Dogville (2003)NICOLE KIDMAN
89.6%
Antichrist (2009)Willem Dafoe
83.6%
Manderlay (2005)Willem Dafoe
83.6%
Nymphomaniac: Vol. II (2013)Willem Dafoe
83.6%
Breaking the Waves (1996)Emily Watson
77.6%
The House That Jack Built (2018)Matt Dillon
62.7%
Nymphomaniac: Vol. I (2013)Uma Thurman
56.7%
Nymphomaniac: Vol. II (2013)Uma Thurman
56.7%
The House That Jack Built (2018)Uma Thurman
56.7%
Dancer in the Dark (2000)Catherine Deneuve
41.8%
Dogville (2003)John Hurt
37.3%
Film Answer % Correct
Melancholia (2011)John Hurt
37.3%
Dogville (2003)Lauren Bacall
35.8%
Manderlay (2005)Lauren Bacall
35.8%
Melancholia (2011)Charlotte Rampling
31.3%
Dogville (2003)James Caan
26.9%
Europa (1991)Max von Sydow
23.9%
Dancer in the Dark (2000)JOEL GREY
17.9%
Dogville (2003)Patricia Clarkson
14.9%
Dogville (2003)Chloë Sevigny
13.4%
Manderlay (2005)Chloë Sevigny
13.4%
Remove Ads.
Support Sporcle.
Get the best of Sporcle when you Go Orange. This ad-free experience offers more features, more stats, and more fun while also helping to support Sporcle. Thank you for becoming a member.

You're not logged in!

Compare scores with friends on all Sporcle quizzes.
OR
Log In

Sporcle TV

Today on Sporcle TV


Watch our educational content, quiz creation guides, and fun videos on Sporcle TV.

Show Comments

Extras

Top Quizzes Today


Score Distribution

Paid Content

Your Account Isn't Verified!

In order to create a playlist on Sporcle, you need to verify the email address you used during registration. Go to your Sporcle Settings to finish the process.

Report this User

Report this user for behavior that violates our Community Guidelines.

Details: